Katriňáka okradli zlodeji!

Podrobná bibliografia
Hlavný autor: (pňa) (Autor)
Médium: Článok
Jazyk:slovenčina
ISSN:0139-7001
Predmet:

MARC

LEADER 00000nab a2200000 a 4500
001 vtls000807637
003 SK-MaSNL
005 20260304120503.0
008 160324c2002 xo 0 slo
015 |a SNBRB2002/10-30357 
035 |a CLN000159292 
040 |a SNKBUCL  |b slo  |c SNKBUCL  |e AACR2 
041 0 |a slo 
044 |a xo  |c SK 
080 |a 796.72.093.1  |2 1997 
100 0 |a (pňa)  |4 aut  |9 838725 
245 1 0 |a Katriňáka okradli zlodeji!  |c [autor] (pňa) 
611 1 7 |a Šesťdňová motocyklová súťaž  |d 2002  |c Jablonec nad Nisou, Česko  |2 snkbucl  |9 1424488 
650 0 7 |a motocyklistika  |2 snkbucl  |9 74824 
655 7 |a články z novín a časopisov  |2 snkbucl  |9 267496 
773 0 |x 0139-7001  |t Šport  |g Roč. 56, č. 224 (26.9.2002), s. 4 
850 |a Slovenská národná knižnica v Martine 
852 |a SNK  |b KIS3GCP 
958 |a CZ 
958 |a RBX 
999 |c 2880139  |d 2882069